ديلان توماس : (Record no. 15846)
[ view plain ]
| 000 -الفاتح | |
|---|---|
| حقل البيانات ثابتة الطول | 01300nam a22003137a 4500 |
| 003 - محدد رقم الضبط | |
| رقم الضبط | EG-ScBUE |
| 005 - وقت وتاريخ اخر تعامل مع التسجيلة | |
| رقم الضبط | 20210530102723.0 |
| 008 - عناصر البيانات ثابتة الطول - معلومات عامة | |
| حقل البيانات ثابتة الطول | 110815s1982 iq f 000 0 ara d |
| 017 ## - رقم الإيداع القانونى | |
| رقم الإيداع القانونى | 607/1982 |
| 040 ## - مصدر الفهرسة | |
| وكالة الفهرسة الأصلية | EG-ScBUE |
| لغة الفهرسة | ara |
| قواعد الوصف | rda |
| وكالة النسخ | EG-ScBUE |
| وكالة التعديل | EG-ScBUE |
| 041 1# - رمز اللغة | |
| رمز لغة النص/ المسارات الصوتية أو العنوان الانفرادي | ara |
| رمز لغة الترجمات و/او الاصلية المتوسطة للنص | eng |
| 082 04 - رقم تصنيف ديوى العشرى | |
| رقم التصنيف | 821.912 |
| رقم المادة | ك و ك |
| رقم الطبعة | 22 |
| 100 1# - المدخل الرئيسى - إسم شخصى | |
| 9 (RLIN) | 26734 |
| الإسم الشخصى | كوكس، سي. بي.، |
| التواريخ المصاحبة للاسم | 1928-2008، |
| الدور | مؤلف. |
| 245 10 - بيان العنوان | |
| العنوان | ديلان توماس : |
| بقية العنوان | مجموعة مقالات نقدية / |
| بيان المسئوليه,etc | بإشراف سي . بي . كوكس ؛ ترجمة إبراهيم جبرا. |
| 264 #1 - النشر، التوزيع | |
| مكان الناشر او الموزع | [بغداد] : |
| اسم الناشر او الموزع | دار الرشيد للنشر، |
| تاريخ النشر أو التوزيع | 1982. |
| 300 ## - الوصف المادى | |
| التعداد | 279 صفحة ؛ |
| أبعاد الوعاء | 24 سم. |
| 336 ## - نوع المحتوى | |
| source | rdacontent |
| Carrier Type Term | نص |
| Content Type Code | txt |
| 337 ## - نوع الوسيط | |
| source | rdamedia |
| Media Type Term | بدون وسيط |
| Media Type Code | n |
| 338 ## - نوع الحامل أو الناقل | |
| source | rdacarrier |
| Carrier Type Term | مجلد |
| Carrier Type Code | nc |
| 490 0# - بيان السلسلة | |
| عنوان السلسلة | سلسلة الكتب المترجمة ؛ |
| رقم المجلد/ التعيين التسلسلي | 115 |
| 546 ## - تبصرة اللغة | |
| تبصرة اللغة | النص باللغة العربية وتم ترجمته من اللغة الإنجليزية. |
| 600 17 - المدخل الاضافى بالموضوع-اسم شخصى | |
| الإسم الشخصى | توماس، ديلان، |
| التواريخ المصاحبة للاسم | 1914-1953. |
| مصدر الرأس أو المصطلح | BUEsh |
| 650 #7 - المدخل الاضافى بالموضوع-مصطلح موضوعى | |
| 9 (RLIN) | 16639 |
| مصطلح موضوعي أو اسم جغرافي كعنصر مدخل | الشعر الإنجليزي |
| التقسيم الفرعي العام | تاريخ ونقد. |
| مصدر الرأس أو المصطلح | BUEsh |
| 651 ## - المدخل الاضافى بالموضوع - اسم جغرافى | |
| مصدر الرأس أو المصطلح | BUEsh |
| 653 ## - مصطلح تكشيفى غير مقيد | |
| Arrived date list | August2011 |
| Resource For college | Humanities: English |
| 655 ## - مصطلح تكشيفى-نوع/شكل | |
| التقسيم الفرعي الشكلي | Reading book |
| -- | 34232 |
| 700 1# - المدخل الاضافى - اسم شخصى | |
| 9 (RLIN) | 26736 |
| الإسم الشخصى | جبرا، جبرا إبراهيم، |
| التواريخ المصاحبة للاسم | 1920-1994، |
| الدور | مترجم. |
| 942 ## - عناصر المدخل الإضافي( كوها) | |
| مصدر التصنيف او مخطط الترفيف | Dewey Decimal Classification |
| Koha [default] item type | Book - Borrowing |
| حالة التراجع | حالة الفقد | مصدر التصنيف او خطة الترفيف | حالة تلف | ليس للاعارة | مجموعات كوها | المكان الدائم | المكان الحالي | موقع الترفيف | تاريخ الاكتساب | Source of acquisition | رقم الاستدعاء | الباركود | Date last seen | نوع الوعاء |
|---|---|---|---|---|---|---|---|---|---|---|---|---|---|---|
| Dewey Decimal Classification | Alef-Baa | Central Library | Central Library | Second Floor | 15/08/2011 | 821.912 ك و ك | 000024542 | 15/07/2025 | Book - Borrowing |